<?xml version="1.0" encoding="UTF-8"?><?xml-stylesheet type="text/xsl" href="static/style.xsl"?><OAI-PMH xmlns="http://www.openarchives.org/OAI/2.0/" xmlns:xsi="http://www.w3.org/2001/XMLSchema-instance" xsi:schemaLocation="http://www.openarchives.org/OAI/2.0/ http://www.openarchives.org/OAI/2.0/OAI-PMH.xsd"><responseDate>2026-04-14T08:41:38Z</responseDate><request verb="GetRecord" identifier="oai:www.recercat.cat:2099.1/16826" metadataPrefix="marc">https://recercat.cat/oai/request</request><GetRecord><record><header><identifier>oai:recercat.cat:2099.1/16826</identifier><datestamp>2025-07-17T16:29:22Z</datestamp><setSpec>com_2072_1033</setSpec><setSpec>col_2072_452951</setSpec></header><metadata><record xmlns="http://www.loc.gov/MARC21/slim" xmlns:dcterms="http://purl.org/dc/terms/" xmlns:xsi="http://www.w3.org/2001/XMLSchema-instance" xmlns:doc="http://www.lyncode.com/xoai" xsi:schemaLocation="http://www.loc.gov/MARC21/slim http://www.loc.gov/standards/marcxml/schema/MARC21slim.xsd">
   <leader>00925njm 22002777a 4500</leader>
   <datafield ind2=" " ind1=" " tag="042">
      <subfield code="a">dc</subfield>
   </datafield>
   <datafield ind2=" " ind1=" " tag="720">
      <subfield code="a">Puigdomènech Serra, Octavi</subfield>
      <subfield code="e">author</subfield>
   </datafield>
   <datafield ind2=" " ind1=" " tag="260">
      <subfield code="c">2012-09</subfield>
   </datafield>
   <datafield ind2=" " ind1=" " tag="520">
      <subfield code="a">Des de l’any 2003, s’està portant a terme un projecte pioner al Perú de separació en origen&#xd;
i posterior tractament dels residus sòlids urbans (RSU) per part de l’ONG Ciudad Saludable&#xd;
al poble de Carhuaz, a la regió d’Ancash. Anteriorment a aquesta iniciativa, els RSU&#xd;
s’abocaven de forma incontrolada a les immediacions del riu Santa, que passa per aquesta&#xd;
localitat, el qual presentava unes condicions d’insalubritat alarmants.&#xd;
L’any 2005, després de dos anys de posada en marxa del projecte, el riu presentava una&#xd;
millora considerable però amb alguns punts negres, que feien necessària una nova&#xd;
intervenció per tal de fer efectiva la recuperació del riu. El més important d’aquests punts,&#xd;
és l’escorxador de la localitat, que seguia abocant al riu la totalitat dels residus que&#xd;
generava.&#xd;
En el present document, es realitza una caracterització del tipus, quantitat i estacionalitat&#xd;
dels abocaments que es donen a l’escorxador de forma sistemàtica, així com de la forma&#xd;
en què aquests tenen lloc. Aquesta tasca s’elabora a partir d’un treball de camp efectuat&#xd;
anteriorment i de l’estudi de bibliografia especialitzada.&#xd;
A continuació s’identifiquen les problemàtiques generades per l’escorxador, s’avaluen&#xd;
diferents propostes de gestió per tal de solucionar-les, i s’elabora un pla de gestió en tres&#xd;
etapes consecutives, de les quals només es desenvolupa extensament la primera i&#xd;
breument les següents. Aquestes fases són:&#xd;
· Fase I: Segregació dels diferents tipus de residus sòlids i líquids, i gestió d’aquests;&#xd;
pla d’estalvi de l’aigua consumida; reforma del sistema de clavegueram, amb la&#xd;
inclusió d’un sistema de desbast i una canalització fins al riu.&#xd;
· Fase II: Disseny d’un sistema de tractament d’aigües consistent en una fossa&#xd;
sèptica com a tractament primari, un estany facultatiu com a secundari, i un&#xd;
aiguamoll o filtre de grava subsuperficial horitzontal com a terciari. D’aquesta fase&#xd;
només es fa un primer dimensionat (són necessaris els resultats finals de la Fase I).&#xd;
· Fase III: Disseny d’un digestor anaeròbic de cúpula flotant per a produir gas per al&#xd;
consum de l’escorxador. D’aquesta fase només es fa un primer dimensionat.&#xd;
Per acabar, s’elabora un manual per a la gestió dels canvis introduïts.&#xd;
El present document pretén servir de referència perquè es realitzin canvis en la&#xd;
infraestructura i en la gestió de l’escorxador municipal de Carhuaz, que són totalment&#xd;
necessaris per garantir la salut de la població i complir la normativa mediambiental vigent.</subfield>
   </datafield>
   <datafield tag="653" ind2=" " ind1=" ">
      <subfield code="a">Àrees temàtiques de la UPC::Desenvolupament humà i sostenible::Enginyeria ambiental::Tractament dels residus</subfield>
   </datafield>
   <datafield tag="653" ind2=" " ind1=" ">
      <subfield code="a">Àrees temàtiques de la UPC::Desenvolupament humà i sostenible::Política i gestió ambiental::Gestió de residus</subfield>
   </datafield>
   <datafield tag="653" ind2=" " ind1=" ">
      <subfield code="a">Àrees temàtiques de la UPC::Desenvolupament humà i sostenible::Cooperació per al desenvolupament::Projectes de cooperació</subfield>
   </datafield>
   <datafield tag="653" ind2=" " ind1=" ">
      <subfield code="a">Litter (Trash) -- Perú</subfield>
   </datafield>
   <datafield tag="653" ind2=" " ind1=" ">
      <subfield code="a">Slaughtering and slaughter-houses -- Environmental aspects</subfield>
   </datafield>
   <datafield tag="653" ind2=" " ind1=" ">
      <subfield code="a">Refuse and refuse disposal -- Management</subfield>
   </datafield>
   <datafield tag="653" ind2=" " ind1=" ">
      <subfield code="a">Residus sòlids urbans -- Perú</subfield>
   </datafield>
   <datafield tag="653" ind2=" " ind1=" ">
      <subfield code="a">Escorxadors -- Aspectes ambientals</subfield>
   </datafield>
   <datafield tag="653" ind2=" " ind1=" ">
      <subfield code="a">Residus –- Eliminació -- Gestió</subfield>
   </datafield>
   <datafield ind2="0" ind1="0" tag="245">
      <subfield code="a">Pla integral de gestió dels residus de l’Escorxador Municipal de Carhuaz (Perú)</subfield>
   </datafield>
</record></metadata></record></GetRecord></OAI-PMH>